Score 0/11 Timer 01:00
0 Plays Today
% Correct
American
93.9%
English
92.3%
Maltese
89.6%
Manchurian
88.2%
Greek
87.3%
African
86.3%
French
85.2%
Roman
84.3%
Danish
82.7%
Russians
82.6%
Italian
71.3%

Today's Daily Dose

Remove Ads.
Support Sporcle.
Get the best of Sporcle when you Go Orange. This ad-free experience offers more features, more stats, and more fun while also helping to support Sporcle. Thank you for becoming a member.

You're not logged in!

Compare scores with friends on all Sporcle quizzes.
OR
Log In

Show Comments

Extras

Top Quizzes Today


Score Distribution

Your Account Isn't Verified!

In order to create a playlist on Sporcle, you need to verify the email address you used during registration. Go to your Sporcle Settings to finish the process.

Report this User

Report this user for behavior that violates our Community Guidelines.

Details: